| 000 | 01031nam0a22002771 4500 | ||
|---|---|---|---|
| 001 | rc\2979977 | ||
| 005 | 20260407100852.0 | ||
| 035 | _a(NLR Aleph) 007125446 | ||
| 090 |
_a6905256 _c6905256 |
||
| 100 | _a20110910d1933 |||y0rusy50 ca | ||
| 101 | 0 | _arus | |
| 102 | _aRU | ||
| 105 | _ay z ||||| | ||
| 200 | 1 | _aКонституции СССР и РСФСР | |
| 210 |
_aСмоленск _cПартиздат _d1933 _gтип. им. Смирнова |
||
| 215 |
_aОбл., 80 с. _d15х11 см |
||
| 604 |
_150010$aКонституция$2nlr_sh1 _171001$aСССР$4070 _tКонституция _aСССР |
||
| 604 |
_150010$aКонституция$2nlr_sh1 _171001$aРСФСР$4070 _tКонституция _aРСФСР |
||
| 740 | 1 |
_aСССР _tКонституция _f1924 _3RU\NLR\AUTH\8810055174 _9610903 |
|
| 741 | 1 |
_aРСФСР _tКонституция _f1925 _3RU\NLR\AUTH\8810051750 _9603827 |
|
| 801 | 0 |
_aRU _bNLR _gpsbo |
|
| 801 | 1 |
_aRU _bELAR _2rusmarc |
|
| 852 |
_aNLR _j34-8/823 |
||
| 942 | _cBOOK | ||
| 980 | _aNB | ||